[Event "Tourn. n8584"]
[Site "www.chess-mail.com"]
[Date "2016.02.26"]
[Round "1"]
[White "Tonino1"]
[Black "Julian"]
[WhiteElo "2070"]
[BlackElo "2000"]
[Result "0-1"]
[Round "1"]
1.d4 d5
2.Ng1f3 c5
3.e3 Nb8c6
4.b3 cxd4
5.exd4 Bc8g4
6.Bc1b2 Ng8f6
7.a3 Qd8a5
8.b4 Qa5b6
9.Bf1e2 e6
10.Nb1d2 Bf8d6
11.Nd2b3 O-O
12.Nb3c5 a5
13.O-O axb4
14.axb4 Qb6xb4
15.Bb2a3 Ra8xa3
16.Ra1xa3 Bd6xc5
17.Ra3b3 Qb4a5
18.dxc5 Qa5xc5
19.Rb3xb7 e5
20.h3 Bg4h5
21.Rb7b5 Qc5d6
22.g4 Bh5g6
23.g5 Nf6e4
24.Rb5xd5 Qd6e7
25.Rd5d7 Qe7e6
26.Qd1d5 Ne4c3
27.Qd5d2 Nc3xe2
28.Kh2 Nc6d4
29.Rd7xd4 exd4
30.Rf1e1 Qe6d6
31.Nf3e5 Qd6xe5
32.Kh1 Bg6e4
33.f3 Be4xf3

0-1

[Event "Tourn. n8622"]
[Site "www.chess-mail.com"]
[Date "2016.02.26"]
[Round "1"]
[White "Jjmcbride"]
[Black "Biggles"]
[WhiteElo "1490"]
[BlackElo "1719"]
[Result "1-0"]
[Round "1"]
1.e4 e5
2.Ng1f3 Nb8c6
3.c3 Ng8f6
4.d4 d6
5.d5 Nc6e7
6.Bc1g5 Ne7g6
7.Qd1a4 Bc8d7
8.Qa4b4 Bf8e7
9.Bg5xf6 Be7xf6
10.Bf1b5 c6
11.dxc6 bxc6
12.Bb5e2 Bf6e7
13.O-O O-O
14.Qb4b3 Bd7e6
15.Qb3c2 Ng6f4
16.g3 Nf4xe2
17.Qc2xe2 Ra8b8
18.b3 Be7f6
19.Qe2e3 Qd8d7
20.Kh1 Rf8e8
21.Nb1d2 d5
22.Ra1d1 Rb8d8
23.exd5 Be6h3
24.Rf1g1 cxd5
25.Nd2e4 Qd7c6
26.Ne4xf6 Qc6xf6
27.g4 d4
28.cxd4 exd4
29.Qe3d3 Qf6c6
30.Rd1c1 Qc6d5
31.Rg1g3 Bh3xg4
32.Rg3xg4 Qd5b7
33.Rg4g2 Re8e6
34.h3 h6
35.Kh2 Qb7d5
36.Rc1c4 Re6e4
37.Rg2g4 f5
38.Rc4xd4 Re4xd4
39.Rg4xd4 { resign }
1-0

[Event "Tourn. n8513"]
[Site "www.chess-mail.com"]
[Date "2016.02.26"]
[Round "1"]
[White "Osopanda"]
[Black "Expert"]
[WhiteElo "1880"]
[BlackElo "1890"]
[Result "1-0"]
[Round "1"]
1.d4 f5
2.Ng1f3 Ng8f6
3.g3 g6
4.Bf1g2 Bf8g7
5.O-O O-O
6.c4 c6
7.Nb1c3 d6
8.Rf1e1 Qd8c7
9.e4 fxe4
10.Nc3xe4 Nf6xe4
11.Re1xe4 Bc8f5
12.Re4h4 Nb8d7
13.Bc1h6 Nd7f6
14.Nf3g5 Bg7xh6
15.Rh4xh6 Kg7
16.Rh6h4 h6
17.Ng5e4 Bf5xe4
18.Bg2xe4 Nf6xe4
19.Rh4xe4 Rf8f7
20.Qd1e2 Ra8e8
21.Ra1e1 Qc7d7
22.f4 Kg8
23.Re4e6 Rf7g7
24.Qe2e4 Kf7
25.f5 gxf5
26.Qe4xf5 Kg8
27.d5 cxd5
28.cxd5 Re8f8
29.Qf5e4 Rf8f7
30.Re6xh6 Qd7f5
31.Qe4xf5 Rf7xf5
32.Rh6e6 Kf8
33.Re1d1 Kf7
34.Kg2 Rf5xd5
35.Re6xe7 Kxe7
36.Rd1xd5 Ke6
37.Rd5d2 d5
38.h4  { time }
1-0

[Event "Tourn. n8593"]
[Site "www.chess-mail.com"]
[Date "2016.02.26"]
[Round "1"]
[White "Elogic"]
[Black "Julian"]
[WhiteElo "2089"]
[BlackElo "2030"]
[Result "0-1"]
[Round "1"]
1.c4 Ng8f6
2.d4 c5
3.Ng1f3 cxd4
4.Nf3xd4 d5
5.Bc1f4 Nb8c6
6.Nd4xc6 bxc6
7.cxd5 cxd5
8.e3 e6
9.Qd1a4 Bc8d7
10.Bf1b5 Bd7xb5
11.Qa4xb5 Qd8d7
12.Qb5a6 Bf8b4
13.Nb1c3 O-O
14.O-O Ra8c8
15.Nc3b5 Bb4c5
16.a3 Nf6e4
17.b4 Bc5b6
18.a4 g5
19.Bf4d6 Ne4xd6
20.Nb5xd6 Qd7xd6
21.Rf1c1 Rc8xc1
22.Ra1xc1 d4
23.a5 Bb6c7
24.Qa6xa7 Qd6xh2
25.Kf1 Qh2h1
26.Ke2 Qh1xc1
27.Qa7xd4 Rf8d8
28.Qd4g4 Qc1d1

0-1

[Event "Match"]
[Site "www.echecsemail.com"]
[Date "2016.02.26"]
[Round "1"]
[White "Whitekknight"]
[Black "Jackbauer"]
[WhiteElo "1870"]
[BlackElo "1879"]
[Result "1-0"]
[Round "1"]
1.e4 c5
2.Ng1f3 d6
3.d4 Ng8f6
4.Nb1c3 Bc8g4
5.dxc5 Bg4xf3
6.Qd1xf3 a6
7.cxd6 e5
8.Bc1g5 Nb8d7
9.Qf3d3 Nd7c5
10.Qd3e3 Bf8xd6
11.Bf1e2 h6
12.Bg5h4 b6
13.O-O Bd6e7
14.Ra1d1 Qd8c7
15.Bh4g3 O-O
16.Be2f3 Nc5d7
17.a3 Rf8d8
18.Rd1d2 Be7c5
19.Qe3e2 Bc5d4
20.Rd2xd4 Qc7c5
21.Rf1d1 Ra8a7
22.Rd4c4 Qc5e7
23.Rc4c6 Qe7e8
24.Rd1d3 Nd7c5
25.Rd3xd8 Qe8xd8
26.Bg3xe5 Ra7e7
27.Be5xf6 gxf6
28.Rc6xf6 Kh7
29.Rf6f5 Qd8g8
30.Nc3d5 Re7e6
31.Nd5f6 Re6xf6
32.Rf5xf6 Nc5d7
33.Rf6d6 Nd7e5
34.Bf3h5 Qg8g5
35.Qe2d1 Ne5c4
36.Rd6d5 Qg5e7
37.Qd1d4 b5
38.Bh5e2 f5
39.Rd5d7 { resign }
1-0

[Event "Match"]
[Site "www.echecsemail.com"]
[Date "2016.02.26"]
[Round "1"]
[White "Biggles"]
[Black "Norwich"]
[WhiteElo "1499"]
[BlackElo "1650"]
[Result "1-0"]
[Round "1"]
1.e4 e5
2.Ng1f3 Nb8c6
3.d4 exd4
4.Bf1c4 Ng8f6
5.e5 d5
6.Bc4b5 Nf6e4
7.Nf3xd4 Bc8d7
8.Bb5xc6 bxc6
9.O-O Bf8e7
10.Bc1e3 O-O
11.Nb1d2 Ne4c5
12.Nd2b3 Nc5xb3
13.axb3 c5
14.Nd4f3 c6
15.c4 Bd7e6
16.Qd1c1 d4
17.Be3f4 Qd8c7
18.h3 Rf8d8
19.Rf1d1 h6
20.b4 Ra8b8
21.bxc5 Be7xc5
22.Rd1d3 Be6f5
23.Rd3d1 Bf5e6
24.Qc1c2 Rb8b7
25.Ra1b1 Qc7e7
26.b3 a5
27.Qc2e4 Qe7c7
28.Nf3xd4 Bc5xd4
29.Rd1xd4 Rd8xd4
30.Qe4xd4 c5
31.Qd4e3 Be6xc4
32.Qe3g3 Qc7c6
33.Qg3c3 Bc4e6
34.Qc3xa5 Rb7xb3
35.Rb1xb3 Be6xb3
36.Qa5d8 Kh7
37.Qd8d3 { resign }
1-0

[Event "Match"]
[Site "www.echecsemail.com"]
[Date "2016.02.26"]
[Round "1"]
[White "Karlgrocer"]
[Black "Liencam2"]
[WhiteElo "2030"]
[BlackElo "2320"]
[Result "0-1"]
[Round "1"]
1.Ng1f3 c5
2.e3 Nb8c6
3.Bf1e2 e5
4.d3 Ng8f6
5.O-O d5
6.a3 Bf8d6
7.Nb1d2 O-O
8.c4 h6
9.cxd5 Nf6xd5
10.Nd2c4 Bd6c7
 { time }
0-1

[Event "Match"]
[Site "www.echecsemail.com"]
[Date "2016.02.26"]
[Round "1"]
[White "Guidom"]
[Black "Ejner"]
[WhiteElo "2110"]
[BlackElo "2189"]
[Result "0-1"]
[Round "1"]
1.e4 e6
2.d4 c5
3.dxc5 Bf8xc5
4.Nb1c3 Nb8c6
5.Bf1d3 Ng8f6
6.Ng1f3 d5
7.O-O O-O
8.Bc1g5 Bc5e7
9.exd5 Nf6xd5
10.Nc3xd5 Be7xg5
11.Nf3xg5 Qd8xg5
12.Nd5e3 Rf8d8
13.a3 g6
14.Qd1g4 Qg5xg4
15.Ne3xg4 Kf8
16.Ra1d1 Ke7
17.Ng4e3 b6
18.Bd3b5 Bc8b7
19.Ne3g4 Nc6d4
20.Bb5d3 Ra8c8
21.Rd1c1 f5
22.Ng4e3 f4
23.Ne3g4 f3
24.g3 Nd4e2
25.Bd3xe2 fxe2
26.Rf1e1 Rd8d1
27.Rc1xd1 exd1Q
28.Re1xd1 Bb7f3
29.Rd1d4 Rc8xc2
30.Ng4e3 Rc2c1
31.Ne3f1 Bf3e2
32.Kg2 Be2xf1
33.Kf3 Rc1c4
34.Rd4d2 Bf1h3
35.Ke3 Bh3f5
36.f4 Rc4c2
37.Rd2xc2 Bf5xc2
38.Kd4 Kd6
39.b4 b5
40.Kc3 Bc2b1
41.Kb2 Bb1f5
42.Kc3 Kd5
{ resign }
0-1

[Event "Match"]
[Site "www.echecsemail.com"]
[Date "2016.02.26"]
[Round "1"]
[White "Pariolinius"]
[Black "Darknight"]
[WhiteElo "1970"]
[BlackElo "1610"]
[Result "0-1"]
[Round "1"]
1.e4 e5
2.Ng1f3 d6
3.Bf1c4 h6
4.Nb1c3 c6
5.d3 Bc8g4
6.O-O Ng8f6
7.Rf1e1 g5
8.h3 Bg4xf3
9.Qd1xf3 Nb8d7
10.Bc1e3 Bf8e7
11.Ra1d1 Rh8h7
12.d4 Qd8c7
13.Bc4b3 O-O-O
14.Qf3e2 Rd8g8
15.Kh1 Kb8
16.a4 h5
17.f3 h4
18.Qe2d2 Rh7g7
19.Re1g1 Nd7f8
20.Qd2f2 Rg7h7
21.dxe5 Nf6d7
22.exd6 Be7xd6
23.Be3xa7 Kc8
24.Ba7e3 Bd6g3
25.Qf2d2 Nd7e5
26.Be3xg5 Nf8e6
27.Bb3xe6 fxe6
28.Bg5f4 Rh7f7
29.Bf4xg3 hxg3
30.Qd2h6 Ne5g6
31.Qh6d2 Ng6f4
32.b4 Rg8h8
33.Nc3e2 Nf4xh3
34.Rg1f1 Nh3f2
{ resign }
0-1

[Event "1/64 Finale"]
[Site "www.chess-mail.com"]
[Date "2016.02.26"]
[Round "1"]
[White "Hennie4820"]
[Black "Ffdd65"]
[WhiteElo "2000"]
[BlackElo "2230"]
[Result "0-1"]
[Round "1"]
1.e4 e5
2.Ng1f3 d6
3.Bf1c4 h6
4.d4 Qd8e7
5.dxe5 dxe5
6.O-O Nb8c6
7.Nb1c3 Bc8e6
8.Bc1e3 Be6xc4
{ resign }
0-1

[Event "Eq:Los Tercios-Equipo Juan Diaz : "]
[Site "www.chess-mail.com"]
[Date "2016.02.26"]
[Round "1"]
[White "Ecijaajedrez"]
[Black "Ericleo1980"]
[WhiteElo "2550"]
[BlackElo "2370"]
[Result "0-1"]
[Round "1"]
1.d4 Ng8f6
2.c4 e6
3.Nb1c3 Bf8b4
4.Qd1c2 d5
5.cxd5 exd5
6.Bc1g5 c6
7.e3 O-O
8.Bf1d3 h6
9.Bg5h4 Bc8g4
10.f3 Bg4e6
11.Ng1e2 Bb4e7
 { time }
0-1

[Event "Tourn. n8444"]
[Site "www.chess-mail.com"]
[Date "2016.02.27"]
[Round "1"]
[White "Nimzo"]
[Black "Jose"]
[WhiteElo "2830"]
[BlackElo "2690"]
[Result "1/2-1/2"]
[Round "1"]
1.d4 d5
2.c4 e6
3.Ng1f3 Ng8f6
4.g3 Bf8e7
5.Bf1g2 O-O
6.O-O dxc4
7.Qd1c2 b5
8.a4 b4
9.Nf3d2 c6
10.Nd2xc4 Qd8xd4
11.Rf1d1 Qd4c5
12.Bc1e3 Qc5h5
13.Nb1d2 Nf6g4
14.Nd2f3 Ng4xe3
15.Nc4xe3 a5
16.Nf3d4 Bc8a6
17.Ra1c1 Rf8c8
18.Bg2f3 Qh5g6
19.Bf3e4 Qg6h5
20.Be4f3 Qh5g6
21.Bf3e4 Qg6h5
22.Kg2 Ra8a7
23.f4 c5
24.Nd4b5 Ra7d7
25.Be4f3 Qh5g6
26.Qc2b3 Qg6f6
27.h4 h6
28.Ne3c4 Rd7xd1
29.Rc1xd1 g5
30.hxg5 hxg5
31.fxg5 Qf6xg5
32.Nc4xa5 Kg7
33.Qb3c4 Rc8d8
34.Rd1h1 Be7d6
35.Qc4h4 Qg5xh4
36.gxh4 Bd6f4
37.Na5c4 Rd8g8
38.Kf2 Nb8d7
39.e3 Bf4b8
40.Rh1g1 Kh7
41.Rg1xg8 Kxg8
42.Bf3e2 f5
43.h5 Nd7f6
44.Ke1 Bb8g3
45.Kd2 Nf6e4
46.Kc2 Kg7
47.Nc4a5 Kh6
48.Be2c4 Kxh5
49.Nb5a7 Ba6xc4
50.Na5xc4 Ne4d6
{ draw }
1/2-1/2

[Event "Tourn. n8635"]
[Site "www.chess-mail.com"]
[Date "2016.02.27"]
[Round "1"]
[White "Gatrooper"]
[Black "Jjmcbride"]
[WhiteElo "1700"]
[BlackElo "1520"]
[Result "0-1"]
[Round "1"]
1.e4 e5
2.a3 Ng8f6
3.Nb1c3 b6
4.Ng1f3 d5
5.exd5 Nf6xd5
6.Nc3xd5 Qd8xd5
7.d3 e4
8.Nf3d2 exd3
9.cxd3 Nb8c6
10.Nd2f3 Bc8b7
11.Bf1e2 O-O-O
12.Bc1g5 f6
13.Bg5d2 g5
14.Bd2c3 Bf8e7
15.h3 h5
16.Qd1c2 g4
17.hxg4 hxg4
18.Rh1xh8 Rd8xh8
19.O-O-O gxf3
20.Be2xf3 Qd5c5
21.Bf3g4 Kb8
22.b4 Qc5g5
23.f4 Qg5xf4
24.Kb2 Qf4xg4
25.Rd1d2 Rh8h5
26.Qc2b3 Rh5b5
27.a4 Rb5f5
28.Qb3f7 a6
29.Qf7e8 Ka7
30.b5 axb5
31.axb5 Rf5xb5
32.Kc2 Qg4a4
33.Kc1 Be7a3
34.Bc3b2 Ba3xb2
35.Rd2xb2 Qa4a1
36.Kd2 Rb5xb2
37.Kc3 Qa1c1
{ resign }
0-1

[Event "Tourn. n8575"]
[Site "www.chess-mail.com"]
[Date "2016.02.27"]
[Round "1"]
[White "Faerieking"]
[Black "Julian"]
[WhiteElo "2180"]
[BlackElo "2000"]
[Result "1-0"]
[Round "1"]
1.e4 c5
2.d4 cxd4
3.c3 d5
4.exd5 Qd8xd5
5.cxd4 Nb8c6
6.Bc1e3 Ng8f6
7.Nb1c3 Qd5a5
8.Bf1e2 Bc8f5
9.a3 Nf6e4
10.Ra1c1 e6
11.Kf1 Bf8d6
12.f3 Ne4xc3
13.Rc1xc3 O-O
14.b4 Qa5d8
15.Be2d3 Bf5xd3
16.Qd1xd3 Ra8c8
17.Ng1h3 Qd8f6
18.Kf2 e5
19.Be3g5 Qf6g6
20.Qd3xg6 hxg6
21.d5 Nc6d4
22.Rh1c1 Rc8xc3
23.Rc1xc3 f6
24.Bg5e3 Nd4f5
25.Be3xa7 Nf5e7
26.Nh3g1 Rf8c8
27.Rc3xc8 Ne7xc8
28.Ba7c5 Kf7
29.Ng1e2 b6
30.Bc5e3 f5
31.g3 Kf6
32.Ne2c3 f4
33.Be3c1 fxg3
34.hxg3 g5
35.Nc3e4 Ke7
36.Bc1xg5 Kd7
37.Bg5e3 Kc7
38.Ne4c3 Kb7
39.Kg2 Nc8e7
40.g4 Ka6
41.Kf2 Ne7g6
42.Nc3e4 Bd6e7
43.d6 Be7d8
44.Ne4c3 Kb7
45.b5 Ng6f8
46.Nc3d5 Nf8e6
47.Ke2 g6
48.Kd3 Bd8g5
49.Be3xg5 Ne6xg5
50.d7 Ng5e6
51.Ke4 Ne6c5
52.Kxe5 Nc5xd7
53.Kd6 Nd7c5
54.Nd5f4 { resign }
1-0

[Event "Tourn. n8601"]
[Site "www.chess-mail.com"]
[Date "2016.02.27"]
[Round "1"]
[White "Nugun"]
[Black "Iko"]
[WhiteElo "1700"]
[BlackElo "1640"]
[Result "1-0"]
[Round "1"]
1.c4 e5
2.Nb1c3 Bf8b4
3.g3 Nb8c6
4.Bf1g2 Bb4xc3
5.dxc3 Ng8f6
6.Ng1f3 e4
7.Nf3d4 Nc6a5
8.Bc1f4 Na5xc4
9.O-O Nc4xb2
10.Qd1b3 Nb2d3
11.exd3 exd3
12.Ra1e1 Kf8
13.Re1e3 d2
14.Bg2f3 Ra8b8
15.Rf1d1 b6
16.Rd1xd2 c5
17.Bf4xb8 cxd4
18.Bb8d6 Kg8
19.Rd2xd4 g5
20.Bd6e5 Qd8e7
21.Be5xf6 Qe7xf6
22.Qb3c4 d6
23.Re3e8 Kg7
24.Qc4xc8 Rh8xe8
25.Qc8xe8 Qf6xf3
26.Rd4xd6 Qf3xc3
27.Rd6d7 Qc3c1
28.Kg2 Qc1c6
29.Kh3 Qc6h6
30.Kg4 Qh6xh2
31.Qe8xf7 Kh6
32.Rd7d6 
1-0

[Event "Tourn. n8500"]
[Site "www.chess-mail.com"]
[Date "2016.02.27"]
[Round "1"]
[White "Easychess"]
[Black "Falcoale"]
[WhiteElo "1600"]
[BlackElo "1880"]
[Result "0-1"]
[Round "1"]
1.d4 Ng8f6
2.Ng1f3 e6
3.c3 b6
4.Bc1g5 h6
5.Bg5xf6 Qd8xf6
6.Nb1d2 Bc8b7
7.e4 d5
8.Bf1d3 c5
9.e5 Qf6d8
10.O-O Nb8d7
11.Qd1e2 c4
12.Bd3c2 Bf8e7
13.b3 Ra8c8
14.bxc4 dxc4
15.Nd2xc4 O-O
16.Bc2d3 Nd7b8
17.Ra1c1 Nb8d7
18.Nc4e3 f5
19.Bd3a6 Rc8b8
20.Ba6xb7 Rb8xb7
21.c4 Rf8e8
22.Qe2d2 Nd7f8
23.Rf1d1 Rb7d7
24.Qd2c3 Nf8g6
25.d5 exd5
26.cxd5 Be7c5
27.d6 Bc5xe3
28.Qc3xe3 Re8e6
29.h3 Ng6h8
30.Qe3b3 Qd8e8
31.Nf3d4 Kf7
32.Nd4xe6 Qe8xe6
 { time }
0-1

[Event "Tourn. n8513"]
[Site "www.chess-mail.com"]
[Date "2016.02.27"]
[Round "1"]
[White "Expert"]
[Black "Trazyne"]
[WhiteElo "1890"]
[BlackElo "1659"]
[Result "0-1"]
[Round "1"]
1.Ng1f3 Ng8f6
2.d4 d5
3.c4 c6
4.cxd5 cxd5
5.Nb1c3 Nb8c6
6.g3 e6
7.Bf1g2 a6
8.O-O Bf8d6
9.Rf1e1 O-O
10.Bc1g5 h6
11.Bg5xf6 Qd8xf6
12.e3 Bc8d7
13.Ra1c1 Ra8c8
14.a3 Rf8d8
15.b4 Bd6b8
16.h3 Nc6e7
17.Qd1d2 Ne7f5
18.Nc3e2 Nf5d6
19.Nf3e5 Bd7b5
20.Rc1xc8 Rd8xc8
 { time }
0-1

[Event "Tourn. n8562"]
[Site "www.chess-mail.com"]
[Date "2016.02.27"]
[Round "1"]
[White "Falcoale"]
[Black "Cal"]
[WhiteElo "1700"]
[BlackElo "1540"]
[Result "1-0"]
[Round "1"]
1.e4 e5
2.Ng1f3 d6
3.h3 a6
4.Bf1c4 h6
5.O-O c6
6.a3 Ng8f6
7.d3 b5
8.Bc4a2 Bf8e7
9.Nb1c3 O-O
10.Nc3e2 Nb8d7
11.Ne2g3 Bc8b7
12.Ng3f5 Nd7c5
13.Nf3h4 a5
14.f4 exf4
15.Rf1xf4 Kh7
16.Nf5xe7 Qd8xe7
17.Nh4f5 Qe7e5
18.d4 Qe5e8
19.dxc5 d5
20.Nf5d6 Qe8e7
21.c3 Ra8d8
22.e5 Nf6e4
23.Qd1c2 f5
24.Nd6xb7 Qe7xb7
25.b4 axb4
26.cxb4 Qb7e7
27.Ba2b1 Qe7xe5
28.Qc2e2 Qe5d4
29.Kh2 Qd4xa1
30.Qe2c2 Qa1e5
31.g3 g5
32.Rf4f3 h5
33.Qc2d1 Ne4c3
34.Qd1c2 Nc3xb1
35.Rf3e3 Qe5a1
36.Bc1b2 Qa1a2
37.Re3e7 Kh6
38.Re7e6 Kh7
39.Re6e7 Kg6
40.Re7g7 Kh6
41.Rg7xg5 Kxg5
42.Bb2c1 { resign }
1-0

[Event "Tourn. n8589"]
[Site "www.chess-mail.com"]
[Date "2016.02.27"]
[Round "1"]
[White "Passaroa25"]
[Black "Towerbridge"]
[WhiteElo "1560"]
[BlackElo "1560"]
[Result "1-0"]
[Round "1"]
1.e4 e6
2.Ng1e2 d5
3.Ne2g3 c5
4.d3 Nb8c6
5.c3 Ng8f6
6.f3 Bf8d6
7.Bc1e3 O-O
8.Nb1d2 b6
9.Nd2b3 Bc8b7
10.Be3f2 dxe4
11.dxe4 Qd8c7
12.Bf1e2 Rf8d8
13.Nb3d2 Nc6e5
14.Qd1c2 a6
15.O-O b5
16.a3  { time }
1-0

[Event "Tourn. n8552"]
[Site "www.chess-mail.com"]
[Date "2016.02.27"]
[Round "1"]
[White "Julian"]
[Black "Expert"]
[WhiteElo "1980"]
[BlackElo "1920"]
[Result "1-0"]
[Round "1"]
1.e4 Ng8f6
2.e5 Nf6d5
3.d4 d6
4.Ng1f3 Bc8g4
5.Bf1e2 e6
6.c4 Nd5b6
7.a4 a5
8.Bc1f4 Nb8c6
9.O-O Bg4xf3
10.Be2xf3 Nb6xc4
11.Qd1b3 Nc4b6
12.Rf1d1 d5
13.Nb1c3 Bf8e7
14.Ra1c1 O-O
15.Nc3e2 Be7g5
16.Bf4xg5 Qd8xg5
17.g3 f6
18.h4 Qg5g6
19.Ne2f4 Qg6f7
20.Bf3h5 g6
21.Bh5g4 f5
22.Bg4f3 Ra8b8
23.Rc1c5 Nb6c4
24.Rc5xc4 dxc4
25.Qb3xc4 Rf8e8
26.Rd1e1 Rb8d8
27.d5 exd5
28.Bf3xd5 Rd8xd5
29.Nf4xd5 Nc6xe5
30.Qc4b3 Ne5f3
31.Kg2 Nf3xe1
32.Kh3  { time }
1-0

[Event "Match"]
[Site "www.echecsemail.com"]
[Date "2016.02.27"]
[Round "1"]
[White "Coraza8091"]
[Black "Darknight"]
[WhiteElo "1710"]
[BlackElo "1620"]
[Result "0-1"]
[Round "1"]
1.e4 e5
2.Ng1f3 d6
3.d4 exd4
4.Qd1xd4 a6
5.Bf1c4 h6
6.e5 Qd8e7
7.O-O Nb8c6
8.Qd4c3 Bc8e6
9.exd6 Qe7xd6
10.Bc4xe6 fxe6
11.Nb1d2 O-O-O
12.Nd2e4 Qd6e7
13.Bc1e3 Ng8f6
14.Be3c5 Qe7f7
15.Bc5d4 Nf6xe4
16.Qc3e3 Qf7f5
17.Ra1e1 Bf8c5
18.Nf3h4 Bc5xd4
19.Qe3xe4 Qf5xe4
20.Re1xe4 Bd4xb2
21.Re4xe6 Nc6d4
22.Re6e4 g5
23.Nh4g6 Rh8h7
24.a4 Rh7d7
25.Ng6e5 Rd7d5
26.Rf1b1 Bb2c3
27.Ne5f7 Rd8f8
28.Nf7xh6 Nd4xc2
29.Nh6g4 Rf8d8
30.g3 Rd5d4
31.Ng4f6 Rd4d2
32.Nf6h7 Bc3d4
33.Rb1f1 Rd8g8
34.Kg2 Nc2e3
35.Re4xe3 Bd4xe3
36.Kf3 Be3c5
37.Kg2 Bc5e7
38.Rf1e1 Be7d8
39.h4 gxh4
40.Kf3 Rg8h8
41.Ke3 Rd2a2
42.gxh4 Rh8xh7
43.Re1h1 Bd8xh4
{ resign }
0-1

[Event "Match"]
[Site "www.echecsemail.com"]
[Date "2016.02.27"]
[Round "1"]
[White "Rindrandria"]
[Black "Ranjachess"]
[WhiteElo "1560"]
[BlackElo "1720"]
[Result "1-0"]
[Round "1"]
1.e4 Nb8c6
2.d4 d5
3.e5 Bc8f5
4.g4 Bf5g6
5.Nb1d2 Nc6xd4
6.Bf1d3 Qd8d7
7.Ng1f3 Bg6e4
8.Rh1g1 Nd4xf3
9.Nd2xf3 Be4xd3
10.Qd1xd3 O-O-O
11.Qd3c3 f6
12.Bc1f4 e6
13.Qc3b3 g5
14.Bf4e3 b6
15.Qb3d3 h5
16.Nf3d4 fxe5
17.Qd3a6 Kb8
18.Nd4b5 c6
19.Be3xb6 axb6
20.Qa6xb6 Qd7b7
21.Qb6xd8 Qb7c8
22.Qd8xg5 Rh8h6
23.Nb5c3 Bf8d6
24.gxh5 d4
25.Nc3e4 Bd6c7
26.Rg1g3 Rh6h8
27.Qg5d2 Rh8xh5
28.Qd2b4 Qc8b7
29.Rg3xg8 Ka7
30.Qb4c4 Rh5xh2
31.O-O-O Bc7b6
32.Qc4a4 Qb7a6
33.Rg8g7 Bb6c7
34.Rg7xc7 Kb6
35.Qa4xc6 Ka5
36.b4 Kxb4
37.Qc6xa6 Rh2h3
38.Ne4g3 Rh3h4
39.a3 
1-0

[Event "Match"]
[Site "www.echecsemail.com"]
[Date "2016.02.27"]
[Round "1"]
[White "Timt"]
[Black "Potemkine"]
[WhiteElo "1499"]
[BlackElo "1530"]
[Result "0-1"]
[Round "1"]
1.e4 e5
2.g3 Ng8f6
3.Bf1h3 d6
4.Nb1c3 g5
5.a3 h5
6.Qd1e2 g4
7.Bh3g2 Nb8c6
8.a4 Nc6d4
9.Qe2d3 Bc8e6
10.f4 c5
11.fxe5 dxe5
12.Ng1e2 c4
13.Qd3e3 Nd4xc2
14.Kd1 Nc2xe3
15.Ke1 Ne3c2
16.Kd1 Nc2xa1
17.Rh1f1 Na1b3
18.Rf1xf6 Qd8xf6
19.Nc3b5 Ra8c8
20.Nb5d6 Bf8xd6
21.Kc2 Qf6f2
22.Ne2c3 Qf2xg2
23.Kb1 Nb3xd2
24.Bc1xd2 Qg2xd2
25.h3 gxh3
26.g4 hxg4
27.a5 h2
{ resign }
0-1

[Event "Match"]
[Site "www.echecsemail.com"]
[Date "2016.02.27"]
[Round "1"]
[White "Paco"]
[Black "Tonino1"]
[WhiteElo "1970"]
[BlackElo "1990"]
[Result "0-1"]
[Round "1"]
1.e4 c5
2.Bf1c4 e6
3.Ng1f3 d5
4.Bc4b5 Bc8d7
5.Bb5xd7 Nb8xd7
6.e5 Qd8c7
7.Qd1e2 Ng8e7
8.O-O Ne7g6
9.a4 Ng6xe5
10.Nf3xe5 Qc7xe5
11.Qe2b5 Qe5c7
12.b3 a6
13.Qb5d3 Bf8d6
14.g3 O-O
15.Bc1b2 Bd6e5
16.c3 c4
17.bxc4 Qc7xc4
18.Qd3e3 Be5d6
19.d3 Qc4b3
20.Qe3e2 Nd7e5
21.Ra1a3 Bd6xa3
22.Nb1xa3 Ne5xd3
23.Qe2c2 Qb3xc2
24.Na3xc2 Nd3xb2
25.Rf1b1 Nb2xa4
26.Rb1xb7 Na4xc3
27.Nc2d4 Rf8b8
28.Rb7c7 Nc3e4
29.Nd4c6 Rb8b2
30.f3 Ne4g5
31.Nc6e5 f6
32.Ne5d3 Ng5xf3
33.Kf1 Nf3xh2
34.Kg1 Nh2f3
35.Kf1 Rb2d2
36.Nd3f4 Ra8b8
37.Rc7c1 Rd2h2
38.Rc1e1 Rb8b2
39.Re1e2 Rb2b1
{ resign }
0-1

[Event "Match"]
[Site "www.echecsemail.com"]
[Date "2016.02.27"]
[Round "1"]
[White "Motimiller"]
[Black "Luzhin"]
[WhiteElo "1499"]
[BlackElo "2250"]
[Result "1-0"]
[Round "1"]
1.e4 e5
2.Qd1h5 Nb8c6
3.Bf1c4 g6
4.Qh5f3 Ng8f6
5.d3 Nc6d4
6.Qf3d1 b5
7.Bc4d5 Nf6xd5
8.exd5 Bc8b7
9.Nb1c3 b4
10.Nc3b5 Nd4xb5
11.c4 Nb5d4
12.Qd1d2 b3
13.Qd2e3 Nd4c2
14.Kd2 Nc2xe3
15.fxe3 c6
16.e4 Qd8g5
17.Kd1 Qg5xg2
18.axb3 { resign }
1-0

[Event "1/64 Finale"]
[Site "www.chess-mail.com"]
[Date "2016.02.27"]
[Round "1"]
[White "Powerchess"]
[Black "Stepanpech"]
[WhiteElo "1480"]
[BlackElo "2140"]
[Result "0-1"]
[Round "1"]
1.c4 e5
2.Nb1c3 Ng8f6
3.g3 d5
4.cxd5 Nf6xd5
5.Bf1g2 Nd5b6
6.d3 Bf8e7
7.Ng1f3 Nb8c6
8.O-O O-O
9.Bc1e3 Bc8e6
10.Be3xb6 axb6
11.a3 Qd8d7
12.Ra1c1 Rf8d8
13.Qd1c2 h6
14.Nc3e4 f5
 { time }
0-1

[Event "1/16 Finale"]
[Site "www.chess-mail.com"]
[Date "2016.02.27"]
[Round "1"]
[White "Osopanda"]
[Black "Madz123456"]
[WhiteElo "1980"]
[BlackElo "2280"]
[Result "0-1"]
[Round "1"]
1.d4 d5
2.c4 dxc4
3.e4 Ng8f6
4.Nb1c3 c5
5.d5 b5
6.e5 b4
7.Nc3b5 a6
8.Bf1xc4 Bc8g4
9.f3 axb5
10.Bc4xb5 Bg4d7
11.Qd1e2 Nf6xd5
12.Bb5xd7 Qd8xd7
13.Ng1h3 e6
14.O-O Nb8c6
15.Rf1d1 Bf8e7
16.Bc1g5 O-O
17.Bg5xe7 Qd7xe7
18.Ra1c1 Ra8xa2
19.f4 Nd5c3
20.Qe2c4 Nc6a5
21.Qc4d3 c4
22.Qd3c2 Nc3xd1
23.Rc1xd1 c3
24.Nh3g5 g6
25.h4 Ra2xb2
26.Qc2a4 Qe7c5
27.Kh1 c2
{ resign }
0-1

[Event "1/128 Finale"]
[Site "www.chess-mail.com"]
[Date "2016.02.27"]
[Round "1"]
[White "Guidom"]
[Black "Vinvangogh"]
[WhiteElo "2100"]
[BlackElo "1550"]
[Result "1-0"]
[Round "1"]
1.e4 e5
2.Ng1f3 Nb8c6
3.Bf1b5 Nc6d4
4.Nf3xd4 exd4
5.O-O c6
6.Bb5e2 Ng8f6
7.d3 Bf8d6
8.f4 Qd8c7
9.e5 Nf6d5
10.exd6 Qc7xd6
11.Be2g4 Nd5e3
12.Qd1e2 O-O
13.Bc1xe3 Rf8e8
14.Rf1f3 b6
15.Nb1d2 dxe3
16.Rf3xe3 Qd6c5
17.Nd2e4 Qc5d5
18.Ne4f6 gxf6
19.Re3xe8 Kg7
20.Bg4h3 Qd5d4
21.Qe2e3 Qd4xe3
22.Re8xe3 Bc8b7
23.Re3e7 c5
24.Re7xd7 Bb7c6
25.Rd7c7 Ra8e8
26.Rc7xc6 Kg6
27.f5 Kg5
28.Kf2 Kf4
29.g3 Kg5
30.Ra1e1 Re8xe1
31.Kxe1 b5
32.Rc6c8 Kh6
33.Rc8g8 a5
34.Bh3g4 { resign }
1-0

[Event "Eq:Los Tercios-Equipo Juan Diaz : "]
[Site "www.chess-mail.com"]
[Date "2016.02.27"]
[Round "1"]
[White "Ericleo1980"]
[Black "Ecijaajedrez"]
[WhiteElo "2370"]
[BlackElo "2550"]
[Result "1-0"]
[Round "1"]
1.e4 c5
2.Ng1f3 d6
3.d4 cxd4
4.Nf3xd4 Ng8f6
5.Nb1c3 e6
6.Bc1e3 Nb8c6
7.Qd1d2 Bf8e7
8.f3 O-O
9.g4 a6
10.g5 Nf6d7
11.h4 Nc6xd4
12.Be3xd4 b5
13.O-O-O  { time }
1-0

[Event "Eq:Equipo Juan Diaz-Slap Shot Mates : "]
[Site "www.chess-mail.com"]
[Date "2016.02.27"]
[Round "1"]
[White "Mustaphly"]
[Black "Yomismista"]
[WhiteElo "2770"]
[BlackElo "2669"]
[Result "1-0"]
[Round "1"]
1.d4 d5
2.Ng1f3 Ng8f6
3.c4 e6
4.Nb1c3 Bf8e7
5.Bc1g5 O-O
6.e3 h6
7.Bg5h4 b6
8.Bf1d3 dxc4
9.Bd3xc4 Bc8b7
10.O-O Nb8d7
11.Qd1e2 Nf6e4
12.Bh4g3 Be7d6
13.Nc3xe4 Bb7xe4
14.Rf1d1 Bd6xg3
15.hxg3 Qd8e7
16.Nf3d2 Be4b7
17.Ra1c1 c5
18.Bc4b5 Ra8c8
19.Bb5xd7 Qe7xd7
20.dxc5 Rc8xc5
21.Rc1xc5 bxc5
22.Nd2b1  { time }
1-0

[Event "Eq:La Taverne-Team USA : "]
[Site "www.chess-mail.com"]
[Date "2016.02.27"]
[Round "1"]
[White "Terrible"]
[Black "Uji40"]
[WhiteElo "2240"]
[BlackElo "1930"]
[Result "1-0"]
[Round "1"]
1.d4 d5
2.Ng1f3 Ng8f6
3.c4 c6
4.Nb1c3 dxc4
5.a4 a5
6.e4 Bc8g4
7.e5 Nf6d7
8.Bf1xc4 e6
9.O-O Bf8e7
10.Qd1e2 h6
11.Qe2e4 Bg4f5
12.Qe4e2 O-O
13.h3 Nd7b6
14.Bc4b3 Be7b4
15.Rf1d1 Nb8d7
16.Nc3e4 Bf5h7
17.g4 Nb6d5
18.h4 Nd5f4
19.Bc1xf4 Bb4e7
20.g5 Bh7xe4
21.Qe2xe4 f5
22.Bb3xe6 Kh8
23.Be6xf5 Rf8xf5
24.Qe4xf5 Qd8f8
25.Qf5g4 Nd7b6
26.Bf4e3 Nb6d5
27.Kg2 Nd5xe3
28.fxe3 g6
29.Rd1f1 h5
30.Qg4e6 Ra8d8
31.Qe6xg6 Qf8g7
32.Qg6xg7 Kxg7
33.Ra1d1 Kg6
34.Nf3d2 Rd8d5
35.Nd2e4 b6
36.Ne4f6 Rd5d8
37.e4 b5
38.axb5 cxb5
39.d5 Rd8c8
40.d6 Be7xf6
41.Rf1xf6 Kg7
42.d7 Rc8d8
43.e6 { resign }
1-0

[Event "Tourn. n8663"]
[Site "www.chess-mail.com"]
[Date "2016.02.28"]
[Round "1"]
[White "Attatroll"]
[Black "Malbertan"]
[WhiteElo "2000"]
[BlackElo "2040"]
[Result "0-1"]
[Round "1"]
1.f4 e5
2.fxe5 d6
3.exd6 Bf8xd6
4.Ng1f3 g5
5.g3 g4
6.Nf3h4 Ng8e7
7.Bf1g2 Ne7g6
8.O-O Ng6xh4
9.gxh4 Qd8xh4
10.Rf1f2 Qh4xh2
11.Kf1 g3
12.Rf2f3 Bc8g4
13.Rf3e3 Kd7
14.Nb1c3 Bg4h3
{ resign }
0-1

[Event "Tourn. n8535"]
[Site "www.chess-mail.com"]
[Date "2016.02.28"]
[Round "1"]
[White "Gunnar"]
[Black "Passaroa25"]
[WhiteElo "1410"]
[BlackElo "1650"]
[Result "0-1"]
[Round "1"]
1.d4 c6
2.e4 d6
3.Nb1c3 Ng8h6
4.Bc1xh6 gxh6
5.Qd1d2 Bf8g7
6.O-O-O Nb8d7
7.f4 Nd7b6
8.Ng1f3 f6
9.h3 Qd8c7
10.Bf1d3 Bc8d7
11.g4 O-O-O
12.Kb1 e6
13.Qd2e2 Kb8
14.a3 Bd7e8
15.Rh1e1 Be8g6
16.h4 h5
17.g5 h6
18.gxf6 Bg7xf6
19.e5 Bg6xd3
20.Rd1xd3 Bf6e7
21.Re1g1 Nb6d5
22.Nc3xd5 exd5
23.Rg1g7 Qc7d7
24.Qe2g2 Rh8g8
25.Rg7xg8 Rd8xg8
26.Qg2xg8 Qd7c8
27.Qg8xc8 Kxc8
28.exd6 Be7xd6
29.Nf3e5 Bd6xe5
30.fxe5 Kd7
 { time }
0-1